Krematórium a dom smútku na novom Južnom cintoríne v Bratislave

Gespeichert in:
Bibliographische Detailangaben
1. Verfasser: Štrba, Leonard (Verfasst von)
Weitere Verfasser: Hermann, Juraj (Betreuung Doktorarbeit)
Format: Manuskript Buch
Sprache:Slowakisch
Veröffentlicht: 2023
Schlagworte:
Online-Zugang:http://is.stuba.sk/zp/portal_zp.pl?podrobnosti=171768
https://opac.crzp.sk/?fn=detailBiblioForm&sid=C0DEB8E07572332BAC260815805F
Tags: Tag hinzufügen
Keine Tags, Fügen Sie das erste Tag hinzu!

MARC

LEADER 00000ntm a22000003a 4500
001 stuzp94708
003 SK-STU
005 20230921131722.4
007 ta
008 150427s2015----xo-----f-mn---000-0-slo-d
040 |a STU  |b slo 
041 0 |a slo 
100 1 |a Štrba, Leonard  |u 010310  |4 aut  |U SvF Stavebná fakulta  |T SvF Katedra architektúry  |X 93326  |U V181|V310  |Y 19  |7 93326 
242 0 1 |a Crematorium and house of mourning in the new Southern cemetery in Bratislava, Slovakia  |y eng 
245 1 0 |a Krematórium a dom smútku na novom Južnom cintoríne v Bratislave 
260 |c 2023 
650 4 |a cintorín  |2 slo 
650 4 |a dom smútku  |2 slo 
650 4 |a park  |2 slo 
650 4 |a Bratislava  |2 slo 
650 4 |a krematórium  |2 slo 
650 4 |a cemetery  |2 eng 
650 4 |a crematorium  |2 eng 
650 4 |a Bratislava  |2 eng 
650 4 |a house of mourning  |2 eng 
650 4 |a park  |2 eng 
700 1 |a Hermann, Juraj  |u 010310  |k Z8  |4 ths  |U SvF Stavebná fakulta  |T SvF Katedra architektúry  |X 95063  |U V181|V310  |Y 19  |7 95063 
856 4 |u http://is.stuba.sk/zp/portal_zp.pl?podrobnosti=171768 
856 4 |u https://opac.crzp.sk/?fn=detailBiblioForm&sid=C0DEB8E07572332BAC260815805F